| 000 | 00736nam a2200241 a 4500 | ||
|---|---|---|---|
| 001 | 19342 | ||
| 003 | BD-RjUL | ||
| 005 | 20211209000423.0 | ||
| 008 | 140224r19811953xx a 000 1 eng d | ||
| 035 |
_a0904651096 _a(BD-RjUL)19401 |
||
| 035 | _a(OCoLC)863353781 | ||
| 040 |
_aDLC _cDLC _dEQO _dBD-RjUL _beng |
||
| 041 | _aeng | ||
| 082 |
_a823.5 _bSWG 1981 |
||
| 100 | 1 |
_aSwift, Jonathan, _d1667-1745. _959484 |
|
| 245 | 1 | 0 |
_aGulliver's travels / _cJonathan Swift , with an introduction by peter quennell. |
| 260 |
_aCollins : _bRupa, _c1953 [reprinted 1981] |
||
| 300 |
_a320 p. : _bill ; _c19 cm |
||
| 650 |
_a Voyages, Imaginary _v Fiction. _959485 |
||
| 942 |
_2ddc _cBK |
||
| 999 |
_c19342 _d19342 |
||